000 00703nam a2200229 i 4500
001 19267
003 ES-MaACL
005 20250729060107.0
007 t|
008 020708s2001 sp ||||1| spa d
020 _a84-8485-020-X
080 _a821.134.2-82"19"
100 1 _aVarela, Lorenzo.
_9113141
245 1 0 _aEnsayos, conferencias y otros escritos /
_cLorenzo Varela ; edición de X.L. Axeitos.
260 _aSada, A Coruña :
_bEdiciós do Castro,
_c[2001]
300 _a247 p. ;
_c22 cm.
490 1 _aBiblioteca del exilio ;
_v6
700 1 _aAxeitos, X. L.,
_d1945-
_924095
830 1 _aBiblioteca del exilio ;
_v6
_9180374
852 _aES-MaACL
_jL-25702
999 _c19267
_d19267